| 000 | 00363nam a2200133Ia 4500 | ||
|---|---|---|---|
| 008 | 240624s9999 xx 000 0 und d | ||
| 041 | _aeng | ||
| 082 | _a320.520973 SKO | ||
| 100 | _aSKOCPOL THEDA | ||
| 245 | _aTEA PARTY AND THE REMAKING OF REPUBLICAT | ||
| 260 |
_c2012 _aNew Delhi _bOxford University Press |
||
| 300 | _a245 : p. : cm. ; 28 | ||
| 365 |
_cBPS _b29 |
||
| 999 |
_c27970 _d27970 |
||